000 00544nam a2200193 a 4500
005 20140310183335.0
008 061004s19uu xx 00 eng d
020 _a9780060516079
050 _aHD 38.25.U6
_b.D78 2002
100 _aDrucker, Peter F.
245 _aThe effective executive /
_cPeter F. Drucker.
260 _aNew York :
_bHarper Collins Publishers,
_c2002.
300 _a178 p. :
_c23 cm.
521 _aBSBA
650 _aExecutives
_xUnited States
650 _aDecision-making.
942 _cBK
_2lcc
_kFOR
999 _c21674
_d21674